[Event "BCF-ch Seniors 65"]
[Site "Hull"]
[Date "2024.07.30"]
[Round "2"]
[White "Sugden, John N"]
[Black "Procter, Colin S"]
[Result "1-0"]
[WhiteElo "1959"]
[BlackElo "1864"]
[PlyCount "63"]
[EventDate "2024.07.29"]
[EventType "swiss"]
[EventRounds "7"]
[EventCountry "ENG"]
[SourceTitle "CBM 221 Extra"]
[Source "ChessBase"]
[SourceDate "2024.09.30"]
[SourceVersion "1"]
[SourceVersionDate "2024.09.30"]
[SourceQuality "1"]

1. d4 d6 2. e4 Nf6 3. Nc3 g6 4. Nf3 Bg7 5. Be2 0-0 6. h3 c6 7. 0-0 Nbd7 8. Bg5 Qa5 9. Qd2 e5 10. dxe5 dxe5 11. a3 Qb6 12. Be3 Qc7 13. Rad1 Nb6 14. Bc5 Re8 15. Bd6 Qd8 16. Qe3 Nbd7 17. Bc4 Qb6 18. Ng5 Qxe3 19. Bxf7+ Kh8 20. fxe3 h6 21. Bxe8 hxg5 22. Bxg6 b6 23. Bf5 Ba6 24. Rf2 g4 25. hxg4 Bh6 26. Rf3 Bg5 27. Rh3+ Kg7 28. Kf2 Bc4 29. Bc7 Nf8 30. Bxe5 Re8 31. Bf4 Ne6 32. Bxe6 1-0

[Event "Harrogate 4NCL op-B 31st"]
[Site "Harrogate"]
[Date "2024.01.20"]
[Round "3"]
[White "Procter, Colin S"]
[Black "Nezis, Anastasios"]
[Result "0-1"]
[WhiteElo "1796"]
[BlackElo "1894"]
[PlyCount "74"]
[EventDate "2024.01.19"]
[EventType "swiss"]
[EventRounds "5"]
[EventCountry "ENG"]
[SourceTitle "CBM 218 Extra"]
[Source "ChessBase"]
[SourceDate "2024.03.31"]
[SourceVersion "1"]
[SourceVersionDate "2024.03.31"]
[SourceQuality "1"]

1. e4 c5 2. Nf3 d6 3. Bb5+ Nd7 4. c3 a6 5. Ba4 b5 6. Bc2 g6 7. 0-0 Bg7 8. d4 Ngf6 9. Qe2 0-0 10. e5 dxe5 11. dxe5 Ne8 12. e6 fxe6 13. Qxe6+ Kh8 14. Qe2 e5 15. Nbd2 Bb7 16. Be4 Bxe4 17. Nxe4 Qe7 18. Bg5 Nef6 19. Rad1 Qe6 20. Nxf6 Nxf6 21. a3 Rae8 22. Rfe1 Qf5 23. Be3 e4 24. Nd2 Ng4 25. Nf1 c4 26. h3 Ne5 27. Bd4 Nd3 28. Bxg7+ Kxg7 29. Ne3 Qxf2+ 30. Qxf2 Nxf2 31. Rd7+ Kh6 32. Rf1 Nd3 33. Ng4+ Kg5 34. Rd5+ Rf5 35. Rd6 Rxf1+ 36. Kxf1 e3 37. Nf6 e2+ 0-1

[Event "Harrogate 4NCL op-B 31st"]
[Site "Harrogate"]
[Date "2024.01.19"]
[Round "1"]
[White "Procter, Colin S"]
[Black "Hall, James"]
[Result "1-0"]
[WhiteElo "1796"]
[BlackElo "1969"]
[PlyCount "151"]
[EventDate "2024.01.19"]
[EventType "swiss"]
[EventRounds "5"]
[EventCountry "ENG"]
[SourceTitle "CBM 218 Extra"]
[Source "ChessBase"]
[SourceDate "2024.03.31"]
[SourceVersion "1"]
[SourceVersionDate "2024.03.31"]
[SourceQuality "1"]

1. e4 e5 2. Nf3 d5 3. exd5 Nf6 4. Bb5+ Bd7 5. Bxd7+ Nbxd7 6. d3 Nxd5 7. 0-0 Bd6 8. Bd2 0-0 9. Nc3 c6 10. Ne4 Bc7 11. c3 f5 12. Ng3 Qf6 13. c4 Nf4 14. Bxf4 exf4 15. Ne2 g5 16. d4 g4 17. Ne5 Nxe5 18. dxe5 Bxe5 19. Qb3 Rae8 20. Rad1 Rf7 21. c5 Kh8 22. Rfe1 Rfe7 23. Nc1 g3 24. fxg3 fxg3 25. h3 Bd4+ 26. Kf1 Qg5 27. Rxe7 Rxe7 28. Ne2 Qe3 29. Qxe3 Bxe3 30. Nxg3 Re5 31. Rd8+ Kg7 32. Rd7+ Kg6 33. Rxb7 f4 34. Ne2 Rd5 35. Nc3 Rxc5 36. Ke2 Rg5 37. g4 h5 38. Kf3 Re5 39. Rc7 Re6 40. Ne4 Bc1 41. b3 hxg4+ 42. hxg4 Be3 43. Rd7 a5 44. Rd6 Rxd6 45. Nxd6 Bc5 46. Nc4 Bb4 47. Ne5+ Kg5 48. Nxc6 Bc3 49. Ne7 Bd2 50. Nd5 Bc1 51. Nc3 Kf6 52. Ne2 Bb2 53. Nxf4 Ke7 54. Nd3 Bc3 55. Ke4 Kf6 56. Nc5 Bb4 57. Nd3 Bc3 58. a3 Kg5 59. Kf3 Kf6 60. b4 axb4 61. axb4 Ke6 62. b5 Kd5 63. g5 Bd4 64. Nf4+ Ke5 65. g6 Kf6 66. Ke4 Bf2 67. Kf3 Bg1 68. Kg4 Bd4 69. Kh5 Kf5 70. Nd5 Ke6 71. Nf4+ Kd6 72. Kg5 Bg7 73. Nh5 Bf8 74. Kf6 Kc5 75. Kf7 Bh6 76. Ng3 1-0

[Event "Harrogate 4NCL op-B 29th"]
[Site "Harrogate"]
[Date "2023.01.22"]
[Round "4"]
[White "Mikalajunas, Kajus"]
[Black "Procter, Colin S"]
[Result "1-0"]
[WhiteElo "1905"]
[BlackElo "1820"]
[PlyCount "59"]
[EventDate "2023.01.20"]
[EventType "swiss"]
[EventRounds "5"]
[EventCountry "ENG"]
[SourceTitle "CBM 212 Extra"]
[Source "ChessBase"]
[SourceDate "2023.03.31"]
[SourceVersion "1"]
[SourceVersionDate "2023.03.31"]
[SourceQuality "1"]

1. e4 e6 2. d4 d5 3. exd5 exd5 4. Bd3 Nf6 5. c3 Be7 6. Ne2 c6 7. 0-0 Nbd7 8. Re1 Nf8 9. Ng3 Ng6 10. Bg5 0-0 11. Nd2 h6 12. Bxf6 Bxf6 13. Bxg6 fxg6 14. Qc2 Bg5 15. Nf3 Rxf3 16. gxf3 Qf6 17. Re8+ Kf7 18. Qe2 Qd6 19. Re1 Rb8 20. f4 Bf6 21. f5 Bxf5 22. Nxf5 gxf5 23. Re6 Qf4 24. Rxf6+ gxf6 25. Qe6+ Kg6 26. Re3 Qc7 27. Rg3+ Kh7 28. Qxf5+ Kh8 29. Qxf6+ Kh7 30. Qg6+ 1-0

[Event "Telford 4NCL Major op 22nd"]
[Site "Telford"]
[Date "2019.07.21"]
[Round "5"]
[White "Procter, Colin S"]
[Black "O'Gorman, Brendan"]
[Result "1/2-1/2"]
[WhiteElo "1776"]
[BlackElo "1722"]
[PlyCount "94"]
[EventDate "2019.07.19"]
[EventType "swiss"]
[EventRounds "5"]
[EventCountry "ENG"]
[SourceTitle "EXT 2025"]
[Source "ChessBase"]
[SourceDate "2024.10.14"]
[SourceVersion "1"]
[SourceVersionDate "2024.10.14"]
[SourceQuality "1"]

1. c4 Nf6 2. g3 c5 3. Bg2 d5 4. cxd5 Nxd5 5. Nc3 Nc7 6. Nf3 Nc6 7. 0-0 e5 8. d3 Be7 9. Be3 f6 10. Qb3 Rb8 11. Rac1 Be6 12. Qd1 Qd7 13. Nd2 0-0 14. f4 Nd4 15. Nc4 b5 16. Nd2 Nf5 17. Bf2 exf4 18. Nde4 Ne3 19. Qd2 b4 20. Nd1 Nxg2 21. Nxc5 Bxc5 22. Bxc5 Rfe8 23. Rf2 Ne3 24. Bxe3 fxe3 25. Qxe3 Nb5 26. Qf4 Qd4 27. Ne3 Rbc8 28. Nc4 Bxc4 29. Rxc4 Qxf4 30. Rcxf4 a5 31. Kg2 Rc2 32. e4 Rxf2+ 33. Kxf2 Kf7 34. Ke3 g6 35. g4 g5 36. Rf2 a4 37. Rc2 a3 38. bxa3 bxa3 39. Rc5 Rb8 40. d4 Nxd4 41. Kxd4 Rb2 42. Ra5 Rxa2 43. Ra7+ Kg6 44. Kd5 Rxh2 45. Rxa3 Rd2+ 46. Ke6 Rd4 47. Re3 Ra4 1/2-1/2

[Event "Stevenage 4NCL Easter op U2050"]
[Site "Stevenage"]
[Date "2019.04.22"]
[Round "7"]
[White "Procter, Colin S"]
[Black "Gibson, Christopher A"]
[Result "1-0"]
[WhiteElo "1776"]
[BlackElo "1887"]
[PlyCount "45"]
[EventDate "2019.04.19"]
[EventType "swiss"]
[EventRounds "7"]
[EventCountry "ENG"]
[SourceTitle "CBM 190 Extra"]
[Source "ChessBase"]
[SourceDate "2019.07.15"]
[SourceVersion "1"]
[SourceVersionDate "2019.07.15"]
[SourceQuality "1"]

1. c4 Nf6 2. g3 g6 3. Bg2 Bg7 4. Nc3 0-0 5. e4 d6 6. Nge2 c5 7. 0-0 Nc6 8. d3 Ne8 9. f4 f5 10. Rb1 Nc7 11. Kh1 Ne6 12. Bd2 Ned4 13. Nxd4 Nxd4 14. Ne2 Rb8 15. Nxd4 Bxd4 16. a3 b5 17. cxb5 Rxb5 18. b4 cxb4 19. Qb3+ Kg7 20. Qc4 Qb6 21. a4 Rc5 22. Qxd4+ e5 23. Qxb4 1-0

[Event "Stevenage 4NCL Easter op U2050"]
[Site "Stevenage"]
[Date "2019.04.20"]
[Round "3"]
[White "Karumazondo, Ernest"]
[Black "Procter, Colin S"]
[Result "1-0"]
[WhiteElo "1896"]
[BlackElo "1776"]
[PlyCount "115"]
[EventDate "2019.04.19"]
[EventType "swiss"]
[EventRounds "7"]
[EventCountry "ENG"]
[SourceTitle "CBM 190 Extra"]
[Source "ChessBase"]
[SourceDate "2019.07.15"]
[SourceVersion "1"]
[SourceVersionDate "2019.07.15"]
[SourceQuality "1"]

1. e4 d5 2. Nf3 dxe4 3. Ng5 Nf6 4. Nc3 Bf5 5. Qe2 c6 6. Ngxe4 Nxe4 7. Nxe4 e6 8. d3 Be7 9. g3 Nd7 10. Bg2 Nf6 11. 0-0 0-0 12. b3 Nxe4 13. dxe4 Bf6 14. Rb1 Bg6 15. f4 Bd4+ 16. Kh1 Qa5 17. a4 Rfe8 18. g4 f6 19. Bd2 Qc7 20. c3 Bc5 21. b4 Bf8 22. h4 f5 23. h5 Bf7 24. e5 Rad8 25. Be3 b6 26. g5 g6 27. hxg6 Bxg6 28. Qc4 c5 29. b5 Re7 30. Bf3 Kf7 31. Bc6 Kg7 32. a5 Be8 33. axb6 axb6 34. Bf3 Bd7 35. Kh2 Bc8 36. Kg3 Bb7 37. Qe2 Bxf3 38. Rxf3 Kg8 39. Rh1 Rg7 40. Qc4 Qd7 41. Rh6 Rg6 42. Rxg6+ hxg6 43. Qf1 Bg7 44. c4 Qd1 45. Qxd1 Rxd1 46. Rf2 Rd3 47. Kf3 Rc3 48. Ra2 Rxc4 49. Ra6 Rb4 50. Rxb6 c4 51. Rb8+ Kh7 52. b6 c3 53. Ke2 c2 54. Kd2 Rb3 55. Rc8 Bf8 56. Rxf8 Rxe3 57. b7 Rc3 58. Kc1 1-0

[Event "Basingstoke Spring Bank op U1825"]
[Site "Basingstoke"]
[Date "2018.05.28"]
[Round "7.4"]
[White "Procter, Colin S"]
[Black "Homer, Neil S"]
[Result "1/2-1/2"]
[WhiteElo "1784"]
[BlackElo "1750"]
[PlyCount "69"]
[EventDate "2018.05.25"]
[EventType "swiss"]
[EventRounds "7"]
[EventCountry "ENG"]
[SourceTitle "EXT 2023"]
[Source "ChessBase"]
[SourceDate "2022.10.05"]
[SourceVersion "1"]
[SourceVersionDate "2022.10.05"]
[SourceQuality "1"]

1. d4 d5 2. Bf4 c5 3. e3 Bf5 4. Bd3 e6 5. Bxf5 exf5 6. c3 Nf6 7. Nd2 Nc6 8. Ngf3 cxd4 9. Nxd4 Nxd4 10. exd4 Be7 11. 0-0 0-0 12. Re1 Bd6 13. Bxd6 Qxd6 14. Qb3 Ne4 15. Nf1 b6 16. f3 Nf6 17. Re5 Rfe8 18. Rae1 Re6 19. Qa4 g6 20. Ng3 Nd7 21. Rxe6 fxe6 22. Nh1 a6 23. Nf2 b5 24. Qd1 e5 25. dxe5 Nxe5 26. Nd3 Nxd3 27. Qxd3 Qc5+ 28. Kf1 Qc4 29. Qxc4 dxc4 30. Re7 Rd8 31. Ke2 Rd6 32. g3 h5 33. f4 Kf8 34. Rb7 Re6+ 35. Kf2 1/2-1/2

[Event "Doncaster 4NCL op-B 18th"]
[Site "Doncaster"]
[Date "2018.04.14"]
[Round "3.13"]
[White "Bagley, Andy J"]
[Black "Procter, Colin S"]
[Result "1/2-1/2"]
[WhiteElo "1877"]
[BlackElo "1764"]
[PlyCount "58"]
[EventDate "2018.04.13"]
[EventType "swiss"]
[EventRounds "5"]
[EventCountry "ENG"]
[SourceTitle "EXT 2023"]
[Source "ChessBase"]
[SourceDate "2022.10.05"]
[SourceVersion "1"]
[SourceVersionDate "2022.10.05"]
[SourceQuality "1"]

1. d4 d5 2. c4 e6 3. Nc3 Nf6 4. cxd5 exd5 5. Bg5 Be7 6. Qc2 h6 7. Bh4 c6 8. e3 Be6 9. Bd3 Nh5 10. Bxe7 Qxe7 11. Nf3 Nd7 12. 0-0 0-0 13. Qe2 Nhf6 14. Nd2 Rfe8 15. Rfe1 Nb6 16. Nb3 Ne4 17. f3 Nxc3 18. bxc3 Nd7 19. e4 dxe4 20. fxe4 Qg5 21. Kh1 c5 22. Bb5 Bg4 23. Qf2 cxd4 24. Bxd7 Bxd7 25. cxd4 b6 26. Rf1 f6 27. Qf3 Bg4 28. Qd3 Rac8 29. Rac1 Qg6 1/2-1/2

[Event "BCF-chT3N 1617 (4NCL)"]
[Site "England"]
[Date "2017.05.01"]
[Round "11.73"]
[White "Procter, Colin S"]
[Black "Lonsdale, Jon I"]
[Result "1/2-1/2"]
[WhiteElo "1800"]
[BlackElo "1817"]
[PlyCount "40"]
[EventDate "2016.11.26"]
[EventType "team-swiss"]
[EventRounds "11"]
[EventCountry "ENG"]
[SourceTitle "EXT 2019"]
[Source "ChessBase"]
[SourceDate "2018.10.10"]
[SourceVersion "1"]
[SourceVersionDate "2018.10.10"]
[SourceQuality "1"]
[WhiteTeam "Bradford DCA Knights III"]
[BlackTeam "Manchester Manticores IV"]
[WhiteTeamCountry "ENG"]
[BlackTeamCountry "ENG"]

1. c4 c5 2. g3 e5 3. Bg2 g6 4. Nc3 Bg7 5. Nf3 Nc6 6. 0-0 Nge7 7. Ne1 0-0 8. Nc2 d6 9. a3 Be6 10. Nd5 Qd7 11. d3 Bh3 12. Bh6 f6 13. Bxg7 Kxg7 14. Nxe7 Nxe7 15. b4 Bxg2 16. Kxg2 b6 17. b5 d5 18. e4 dxc4 19. dxc4 Qb7 20. Qe2 Nf5 1/2-1/2

[Event "BCF-chT3N 1617 (4NCL)"]
[Site "England"]
[Date "2017.03.19"]
[Round "8.71"]
[White "Procter, Colin S"]
[Black "Ukken, Somton"]
[Result "1/2-1/2"]
[WhiteElo "1800"]
[BlackElo "1911"]
[PlyCount "22"]
[EventDate "2016.11.26"]
[EventType "team-swiss"]
[EventRounds "11"]
[EventCountry "ENG"]
[SourceTitle "EXT 2019"]
[Source "ChessBase"]
[SourceDate "2018.10.10"]
[SourceVersion "1"]
[SourceVersionDate "2018.10.10"]
[SourceQuality "1"]
[WhiteTeam "Bradford DCA Knights III"]
[BlackTeam "Ashfield Breadsall"]
[WhiteTeamCountry "ENG"]
[BlackTeamCountry "ENG"]

1. c4 a6 2. g3 Nf6 3. Bg2 g6 4. Nc3 Bg7 5. Nf3 0-0 6. 0-0 d6 7. d4 Nbd7 8. e4 e5 9. dxe5 Nxe5 10. Nxe5 dxe5 11. Qxd8 Rxd8 1/2-1/2

[Event "BCF-chT3N 1617 (4NCL)"]
[Site "England"]
[Date "2017.02.12"]
[Round "6.83"]
[White "Flynn, David"]
[Black "Procter, Colin S"]
[Result "1/2-1/2"]
[WhiteElo "1872"]
[BlackElo "1800"]
[PlyCount "74"]
[EventDate "2016.11.26"]
[EventType "team-swiss"]
[EventRounds "11"]
[EventCountry "ENG"]
[SourceTitle "EXT 2019"]
[Source "ChessBase"]
[SourceDate "2018.10.10"]
[SourceVersion "1"]
[SourceVersionDate "2018.10.10"]
[SourceQuality "1"]
[WhiteTeam "Ashfield Breadsall II"]
[BlackTeam "Bradford DCA Knights III"]
[WhiteTeamCountry "ENG"]
[BlackTeamCountry "ENG"]

1. e4 e6 2. d4 d5 3. e5 c5 4. c3 Nc6 5. Nf3 Bd7 6. Be2 Nge7 7. 0-0 cxd4 8. cxd4 Nf5 9. Nc3 Be7 10. g4 Nh4 11. Nxh4 Bxh4 12. f4 g6 13. Be3 a6 14. Rc1 Be7 15. Bd3 h5 16. f5 gxf5 17. gxf5 Bg5 18. Qf3 Bxe3+ 19. Qxe3 Qh4 20. Rf4 Rg8+ 21. Kh1 Rg4 22. Rg1 Rxg1+ 23. Qxg1 Qe7 24. fxe6 Bxe6 25. Qg8+ Qf8 26. Qxf8+ Kxf8 27. Be2 Ke7 28. Bxh5 Rg8 29. Bf3 Nb4 30. Be2 Nc2 31. h4 Ne3 32. Bf3 Rg3 33. Ne2 Rg7 34. Nc1 Nf1 35. Bg2 Ne3 36. Bf3 Nf1 37. Be2 Ng3+ 1/2-1/2

[Event "BCF-chT3N 1617 (4NCL)"]
[Site "England"]
[Date "2017.02.11"]
[Round "5.91"]
[White "Procter, Colin S"]
[Black "Gittens, Nathan L"]
[Result "1-0"]
[WhiteElo "1800"]
[BlackElo "1826"]
[PlyCount "41"]
[EventDate "2016.11.26"]
[EventType "team-swiss"]
[EventRounds "11"]
[EventCountry "ENG"]
[SourceTitle "EXT 2019"]
[Source "ChessBase"]
[SourceDate "2018.10.10"]
[SourceVersion "1"]
[SourceVersionDate "2018.10.10"]
[SourceQuality "1"]
[WhiteTeam "Bradford DCA Knights III"]
[BlackTeam "3CS Oldham III"]
[WhiteTeamCountry "ENG"]
[BlackTeamCountry "ENG"]

1. Nf3 d5 2. g3 e6 3. Bg2 b6 4. 0-0 Nf6 5. d4 Nbd7 6. c4 Bd6 7. Nc3 a6 8. Re1 Bb7 9. cxd5 exd5 10. Bg5 h6 11. Bxf6 Nxf6 12. Ne5 0-0 13. Qb3 Be7 14. Rac1 Qd6 15. e4 dxe4 16. Nxe4 Nxe4 17. Bxe4 Bxe4 18. Rxe4 Rac8 19. Rce1 Qb4 20. Nc6 Qxb3 21. Nxe7+ 1-0

[Event "Harrogate 4NCL op-B 12th"]
[Site "Harrogate"]
[Date "2017.01.08"]
[Round "5"]
[White "Riding, Mick D"]
[Black "Procter, Colin S"]
[Result "1-0"]
[WhiteElo "1898"]
[BlackElo "1731"]
[PlyCount "27"]
[EventDate "2017.01.06"]
[EventType "swiss"]
[EventRounds "5"]
[EventCountry "ENG"]
[SourceTitle "CBM 176 Extra"]
[Source "ChessBase"]
[SourceDate "2017.03.02"]
[SourceVersion "1"]
[SourceVersionDate "2017.03.02"]
[SourceQuality "1"]

1. f4 d5 2. Nc3 Bg4 3. Nf3 Nf6 4. e3 Bxf3 5. Qxf3 c6 6. g4 e6 7. d4 Nfd7 8. e4 Qh4+ 9. Qf2 Qxf2+ 10. Kxf2 Bb4 11. f5 exf5 12. gxf5 Nb6 13. Bg2 Nc4 14. Kf3 1-0

[Event "Harrogate 4NCL op-B 12th"]
[Site "Harrogate"]
[Date "2017.01.07"]
[Round "2"]
[White "Potter, Steven"]
[Black "Procter, Colin S"]
[Result "0-1"]
[WhiteElo "1900"]
[BlackElo "1731"]
[PlyCount "108"]
[EventDate "2017.01.06"]
[EventType "swiss"]
[EventRounds "5"]
[EventCountry "ENG"]
[SourceTitle "CBM 176 Extra"]
[Source "ChessBase"]
[SourceDate "2017.03.02"]
[SourceVersion "1"]
[SourceVersionDate "2017.03.02"]
[SourceQuality "1"]

1. d4 d5 2. Bg5 h6 3. Bh4 c6 4. e3 Bf5 5. Nd2 Qb6 6. Qc1 Nd7 7. Ngf3 Ngf6 8. c4 e6 9. c5 Qd8 10. Be2 Be7 11. 0-0 Ne4 12. Bxe7 Qxe7 13. b4 a6 14. a4 0-0 15. b5 axb5 16. axb5 Ndf6 17. Nxe4 Nxe4 18. b6 f6 19. Qb2 e5 20. Rxa8 Rxa8 21. dxe5 Nxc5 22. Ra1 Rxa1+ 23. Qxa1 Bd3 24. Qa8+ Qf8 25. Qxf8+ Kxf8 26. Bxd3 Nxd3 27. exf6 gxf6 28. Kf1 Nc5 29. Nd4 Nd7 30. f4 Nxb6 31. Ne6+ Ke7 32. Nc5 Nc4 33. Ke2 b6 34. Nb3 c5 35. g4 Nd6 36. h4 Ne4 37. Kf3 b5 38. Ke2 b4 39. g5 fxg5 40. fxg5 hxg5 41. hxg5 c4 42. Nd4 b3 43. Kd1 Nxg5 44. Kc1 Kd6 45. Kb2 Ke5 46. Nc6+ Ke4 47. Nb4 Nf3 48. Kc3 Ne1 49. Kb2 Nd3+ 50. Nxd3 Kxd3 51. Kc1 Kxe3 52. Kd1 d4 53. Kc1 Ke2 54. Kb2 d3 0-1

[Event "BCF-chT3N 1617 (4NCL)"]
[Site "England"]
[Date "2016.11.27"]
[Round "2.42"]
[White "Scott, Luke"]
[Black "Procter, Colin S"]
[Result "1/2-1/2"]
[WhiteElo "2016"]
[BlackElo "1800"]
[PlyCount "53"]
[EventDate "2016.11.26"]
[EventType "team-swiss"]
[EventRounds "11"]
[EventCountry "ENG"]
[SourceTitle "EXT 2019"]
[Source "ChessBase"]
[SourceDate "2018.10.10"]
[SourceVersion "1"]
[SourceVersionDate "2018.10.10"]
[SourceQuality "1"]
[WhiteTeam "Enniscorthy"]
[BlackTeam "Bradford DCA Knights III"]
[WhiteTeamCountry "IRL"]
[BlackTeamCountry "ENG"]

1. d4 d5 2. c4 e6 3. Nf3 Nf6 4. Nc3 Be7 5. e3 b6 6. cxd5 exd5 7. Bd3 0-0 8. 0-0 c5 9. dxc5 bxc5 10. b3 Nc6 11. Bb2 h6 12. h3 Be6 13. Rc1 Rb8 14. Na4 c4 15. bxc4 Nb4 16. cxd5 Bxd5 17. Nd4 Nxd3 18. Qxd3 Qd7 19. Nf5 Rbd8 20. Nxe7+ Qxe7 21. Ba3 Qe8 22. Qc2 Rc8 23. Qd2 Qxa4 24. Bxf8 Rxf8 25. Rc5 Qxa2 26. Qxa2 Bxa2 27. Ra5 1/2-1/2

[Event "Wakefield 4NCL op-B 10th"]
[Site "Wakefield"]
[Date "2016.09.11"]
[Round "4.11"]
[White "O'Gorman, Brendan"]
[Black "Procter, Colin S"]
[Result "0-1"]
[WhiteElo "1812"]
[BlackElo "1658"]
[PlyCount "108"]
[EventDate "2016.09.09"]
[EventType "swiss"]
[EventRounds "5"]
[EventCountry "ENG"]
[SourceTitle "EXT 2023"]
[Source "ChessBase"]
[SourceDate "2022.10.05"]
[SourceVersion "1"]
[SourceVersionDate "2022.10.05"]
[SourceQuality "1"]

1. d4 d5 2. Nf3 Nf6 3. c4 e6 4. Nc3 b6 5. cxd5 exd5 6. g3 Bb4 7. Bg2 0-0 8. 0-0 Nbd7 9. Bf4 c5 10. Rc1 c4 11. Qa4 Be7 12. Qc6 Ba6 13. Nxd5 Nxd5 14. Qxd5 Nf6 15. Qxd8 Raxd8 16. Rfd1 Nd5 17. Bd2 c3 18. bxc3 Ba3 19. Rb1 Bxe2 20. Re1 Bd3 21. Rb3 Bd6 22. Ne5 Bxe5 23. Rxe5 Bc4 24. Ra3 f6 25. Re1 a5 26. Bf1 Rc8 27. Bh3 Ra8 28. Bf1 Rfc8 29. Bxc4 Rxc4 30. Re6 a4 31. Rd6 Ra5 32. Kf1 Kf8 33. Rd7 Nc7 34. Bf4 Nb5 35. Bd6+ Ke8 36. Re7+ Kd8 37. Bb4 Nxa3 38. Bxa3 Rxc3 39. Bb4 Rc4 40. Bxa5 Kxe7 41. Bxb6 Ke6 42. a3 g5 43. Ke2 Kd5 44. Bc5 Ke4 45. f3+ Kd5 46. Kd2 f5 47. h3 h5 48. h4 gxh4 49. gxh4 Rxd4+ 50. Bxd4 Kxd4 51. Ke2 Kc3 52. f4 Kd4 53. Kf3 Kd3 54. Kf2 Ke4 0-1

[Event "Wakefield 4NCL op-B 10th"]
[Site "Wakefield"]
[Date "2016.09.09"]
[Round "1.8"]
[White "Procter, Colin S"]
[Black "Niedbal, Piotr"]
[Result "1/2-1/2"]
[WhiteElo "1658"]
[BlackElo "1894"]
[PlyCount "57"]
[EventDate "2016.09.09"]
[EventType "swiss"]
[EventRounds "5"]
[EventCountry "ENG"]
[SourceTitle "EXT 2023"]
[Source "ChessBase"]
[SourceDate "2022.10.05"]
[SourceVersion "1"]
[SourceVersionDate "2022.10.05"]
[SourceQuality "1"]

1. c4 Nf6 2. Nc3 g6 3. Nf3 Bg7 4. g3 0-0 5. Bg2 d6 6. 0-0 e5 7. d3 Nc6 8. Bg5 h6 9. Bxf6 Qxf6 10. Rb1 a5 11. a3 Bg4 12. b4 axb4 13. axb4 Qe6 14. Nd5 Qd7 15. b5 Ne7 16. Nxe7+ Qxe7 17. Nd2 Rfb8 18. h3 Bf5 19. Nf3 Qd7 20. Kh2 e4 21. Nh4 exd3 22. Nxf5 Qxf5 23. exd3 Ra2 24. Qf3 Qxf3 25. Bxf3 Bd4 26. Kg2 Rd2 27. Rbd1 Rb2 28. Rb1 Rd2 29. Rbd1 1/2-1/2

[Event "Wetherby 4NCL op-B 6th"]
[Site "Wetherby"]
[Date "2016.01.10"]
[Round "4"]
[White "Procter, Colin S"]
[Black "Patterson, Dave"]
[Result "1/2-1/2"]
[WhiteElo "1825"]
[BlackElo "1780"]
[PlyCount "104"]
[EventDate "2016.01.08"]
[EventType "swiss"]
[EventRounds "5"]
[EventCountry "ENG"]
[SourceTitle "CBM 170 Extra"]
[Source "ChessBase"]
[SourceDate "2016.02.25"]
[SourceVersion "1"]
[SourceVersionDate "2016.02.25"]
[SourceQuality "1"]

1. Nf3 Nf6 2. g3 g6 3. Bg2 Bg7 4. 0-0 0-0 5. c4 c5 6. d4 Nc6 7. d5 Na5 8. Qc2 d6 9. Nbd2 b5 10. e4 bxc4 11. Nxc4 Nxc4 12. Qxc4 Qb6 13. Re1 Rb8 14. Nd2 Nd7 15. Nf3 Qa5 16. Bd2 Qc7 17. Bc3 Nb6 18. Qe2 Bxc3 19. bxc3 Na4 20. Qc2 Bd7 21. Rab1 Qa5 22. Rec1 Rb6 23. Nd2 Rxb1 24. Rxb1 Nxc3 25. Nc4 Qxa2 26. Qxa2 Nxa2 27. Rb7 Rd8 28. Rxa7 Bb5 29. Ne3 Nc3 30. f3 Rd7 31. Ra3 Ne2+ 32. Kf2 Nd4 33. f4 Rb7 34. e5 Bd7 35. Nc4 Bb5 36. Ne3 Rb6 37. exd6 exd6 38. g4 Ba6 39. Ra2 Bd3 40. Bf1 Be4 41. Bg2 Bxg2 42. Kxg2 Rb4 43. Ra6 Nb5 44. Rb6 Kf8 45. f5 Ke7 46. g5 Nc7 47. Rc6 Ne8 48. Ra6 Nc7 49. Ra7 Kd7 50. fxg6 hxg6 51. h3 Kc8 52. Ra2 Re4 1/2-1/2

[Event "Wetherby 4NCL op-B 6th"]
[Site "Wetherby"]
[Date "2016.01.08"]
[Round "1"]
[White "Ross, Andy"]
[Black "Procter, Colin S"]
[Result "0-1"]
[WhiteElo "1705"]
[BlackElo "1825"]
[PlyCount "32"]
[EventDate "2016.01.08"]
[EventType "swiss"]
[EventRounds "5"]
[EventCountry "ENG"]
[SourceTitle "CBM 170 Extra"]
[Source "ChessBase"]
[SourceDate "2016.02.25"]
[SourceVersion "1"]
[SourceVersionDate "2016.02.25"]
[SourceQuality "1"]

1. e4 e6 2. b3 d5 3. Bb2 dxe4 4. Qg4 Nf6 5. Qg5 Nbd7 6. Bc4 h6 7. Qg3 Nb6 8. Na3 Nxc4 9. Nxc4 Nh5 10. Qe5 Nf6 11. Qg3 Qe7 12. Ne2 Nd5 13. 0-0 Qg5 14. Qxg5 hxg5 15. Ng3 f5 16. Ne5 Nf6 0-1

[Event "BCF-chT3Nb 1516 (4NCL)"]
[Site "England"]
[Date "2015.11.15"]
[Round "2.128"]
[White "Procter, Colin S"]
[Black "Green, Andrew"]
[Result "0-1"]
[WhiteElo "1825"]
[BlackElo "2165"]
[PlyCount "78"]
[EventDate "2015.11.14"]
[EventType "team-swiss"]
[EventRounds "7"]
[EventCountry "ENG"]
[SourceTitle "CBM 169 Extra"]
[Source "ChessBase"]
[SourceDate "2015.12.18"]
[SourceVersion "1"]
[SourceVersionDate "2015.12.18"]
[SourceQuality "1"]
[WhiteTeam "Bradford DCA Knights III"]
[BlackTeam "Alba"]
[WhiteTeamCountry "ENG"]
[BlackTeamCountry "ENG"]

1. Nf3 Nf6 2. g3 g6 3. c4 b6 4. Bg2 Bb7 5. 0-0 Bg7 6. Nc3 0-0 7. d4 Ne4 8. Nxe4 Bxe4 9. b3 c5 10. Bb2 Nc6 11. Qd2 Bxf3 12. Bxf3 Bxd4 13. Bxc6 dxc6 14. Rad1 Bxb2 15. Qxb2 Qc7 16. Rd2 Rfd8 17. Rfd1 f6 18. Qc3 Kg7 19. e4 e5 20. Rd3 Rd4 21. Rxd4 cxd4 22. Qd3 Qd6 23. a4 Rd8 24. Kg2 Rd7 25. h4 h5 26. Rd2 a6 27. c5 Qxc5 28. Qxa6 Qb4 29. Rd3 Qe1 30. f3 Qe2+ 31. Kh3 Rf7 32. Qc4 Qf1+ 33. Kh2 f5 34. exf5 Rxf5 35. f4 Qe2+ 36. Kg1 c5 37. Qe6 Qxd3 38. Qe7+ Rf7 39. Qxe5+ Kh7 0-1